General microbiology
Saved in:
| Main Authors: | , , , |
|---|---|
| Format: | Book |
| Language: | English |
| Published: |
Hampshire
MacMillan Education
1987
|
| Edition: | 5a. ed |
| Subjects: | |
| Tags: |
Add Tag
No Tags, Be the first to tag this record!
|
MARC
| LEADER | 00000cam a2200000 a 4500 | ||
|---|---|---|---|
| 001 | UCD2566 | ||
| 003 | CL-VaPUC | ||
| 008 | 160428e19870000uk |||||||||||||||||eng|d | ||
| 020 | |a 0333417682 | ||
| 082 | 0 | 4 | |a 616.01 |b STA |2 21 |
| 100 | 0 | |a Stainer, Roger Y |e author |9 585923 | |
| 700 | |a Ingraham, John L |e author |9 585924 | ||
| 700 | 0 | |a Wheelis, Mark L |e author |9 585925 | |
| 700 | 0 | |a Painter, Page R |e author |9 585926 | |
| 245 | 1 | 0 | |a General microbiology |
| 250 | |a 5a. ed | ||
| 300 | |a 689 p | ||
| 942 | |c BK | ||
| 945 | |d 20160428 21:50:00 |a arojas | ||
| 260 | |a Hampshire |b MacMillan Education |c 1987 | ||
| 650 | 0 | |a Microbiología |9 259706 | |
| 650 | 0 | |a Genética |9 259443 | |
| 650 | 0 | |a Metabolismo |9 259893 | |
| 650 | 0 | |a Evolución |9 259442 | |
| 583 | |a last modification |c 20160428 21:50:00 |k Rodrigo Vera | ||
| 999 | |c 363720 |d 363718 | ||
| 952 | |0 0 |1 0 |3 erd |4 0 |6 616_010000000000000_STA_1987 |7 0 |8 A |9 476378 |a BIBING |b BIBING |i 5284635 |o 616.01 STA 1987 |p 5284635 |r 2025-01-20 |w 2019-11-24 |y BK |z Catalogado en:20160428 |k EIB | ||